Očakávania a predstavy "Z" generácie univerzitných študentov od trhu práce

Zhodnotenie potrieb mladých ľudí v súvislosti s ich budúcimi pracovnými miestami, ako aj v súvislosti s ich platovými očakávaniami a s pracovnou pozíciou. Príklad Maďarska.

Salvato in:
Dettagli Bibliografici
Autore principale: Papp, Imola Csehné
Altri autori: Szabó, Katalin, Schwarczová, Loreta, Hajós, László
Natura: Capitolo di libro
Lingua:slovacco
Soggetti:
Tags: Aggiungi Tag
Nessun Tag, puoi essere il primo ad aggiungerne!!

MARC

LEADER 00000naa a2200000 4500
001 0236811
005 20220805075024.7
041 0 |a slo 
044 |a SK 
245 1 0 |a Očakávania a predstavy "Z" generácie univerzitných študentov od trhu práce  |c Imola Csehné Papp, Katalin Szabó, Loreta Schwarczová, László Hajós 
520 |a Zhodnotenie potrieb mladých ľudí v súvislosti s ich budúcimi pracovnými miestami, ako aj v súvislosti s ich platovými očakávaniami a s pracovnou pozíciou. Príklad Maďarska. 
610 2 0 |a trh práce 
610 2 0 |a absolventi 
610 2 0 |a zamestnanosť 
610 2 0 |a miesta pracovné 
610 2 0 |a mzdy 
610 2 0 |a Maďarsko 
100 1 |a Papp, Imola Csehné 
700 1 |a Szabó, Katalin 
700 1 |a Schwarczová, Loreta 
700 1 |a Hajós, László